000 00487cam a2200181ua 4500
003 OSt
008 250415b |||||||| |||| 00| 0 eng d
020 _a81-224-0633-5
041 _aeng
082 _a624.151
_bNAG/AN
100 _aNagaraj, T.S .
_97418
245 _aAnalysis and prediction of soil behaviour /
260 _aNew Delhi :
_bWiley Eastern Ltd ,
_c1994.
300 _a294 ; .
700 1 _aSrinivasa Murthy, B.R .
_97419
700 1 _aVatsala, A .
_97420
942 _cBK
999 _c8769
_d8769